Statystyki dla ✏️wypisywanie przedmiotów szkolnych🧷quiz📚

Kliknij tutaj aby rozwiązać quiz!

Ogólne statystyki

  • Ten quiz został rozwiązany 232 razy
    (199 od ostatniego zresetowania)
  • Średni wynik to 14 z 24

Statystyki odpowiedzi

PODPOWIEDŹPRZEDMIOT% Poprawnych
BBiologia
96%
CChemia
92%
GGeografia
88%
MMatematyka
85%
FFizyka
84%
HHistoria
82%
WWychowanie fizyczne
76%
IInformatyka
65%
PPlastyka
64%
EEtyka
63%
MMuzyka
61%
EEdukacja dla bezpieczeństwa
57%
RReligia
56%
TTechnika
56%
WWiedza o społeczeństwie
55%
WWychowanie do życia w rodzinie
48%
PPrzyroda
45%
JJ.angielski
42%
JJ.polski
42%
JJ.niemiecki
41%
GGodzina wychowawcza
35%
JJ.hiszpański
33%
HHistoria i Teraźniejszość
27%
EEdukacja wczesnoszkolna
14%

Rozkład punktacji

Percentyl według liczby udzielonych odpowiedzi

Procent ludzi z każdym wynikiem

Twoja historia wyników

Nie rozwiązałeś tego quizu od ostatniego zresetowania